<?xml version="1.0" encoding="UTF-8"?>
<record
    xmlns:xsi="http://www.w3.org/2001/XMLSchema-instance"
    xsi:schemaLocation="http://www.loc.gov/MARC21/slim http://www.loc.gov/standards/marcxml/schema/MARC21slim.xsd"
    xmlns="http://www.loc.gov/MARC21/slim">

  <leader>01439nam a2200265 a 4500</leader>
  <controlfield tag="005">20240412114059.0</controlfield>
  <controlfield tag="008">100708t2010||||sp a   f |||| 001 0 spa d</controlfield>
  <datafield tag="020" ind1=" " ind2=" ">
    <subfield code="a">9788498352467</subfield>
  </datafield>
  <datafield tag="041" ind1=" " ind2=" ">
    <subfield code="a">spa</subfield>
  </datafield>
  <datafield tag="092" ind1=" " ind2=" ">
    <subfield code="c">610.7</subfield>
    <subfield code="l">76</subfield>
    <subfield code="s">RUI</subfield>
  </datafield>
  <datafield tag="100" ind1="1" ind2=" ">
    <subfield code="a">Ruiz Moral, Roger</subfield>
    <subfield code="9">3013</subfield>
  </datafield>
  <datafield tag="245" ind1=" " ind2=" ">
    <subfield code="a">Educaci&#xF3;n M&#xE9;dica.</subfield>
    <subfield code="b">Manual pr&#xE1;ctico para cl&#xED;nicos /</subfield>
    <subfield code="c">Roger Ruiz Moral</subfield>
  </datafield>
  <datafield tag="250" ind1=" " ind2=" ">
    <subfield code="a">1a ed. 1a reimp.</subfield>
  </datafield>
  <datafield tag="260" ind1=" " ind2=" ">
    <subfield code="a">Buenos Aires: </subfield>
    <subfield code="b">Editorial M&#xE9;dica Panamericana;</subfield>
    <subfield code="c">2010.</subfield>
  </datafield>
  <datafield tag="300" ind1=" " ind2=" ">
    <subfield code="a">283 p.</subfield>
    <subfield code="b">il.</subfield>
  </datafield>
  <datafield tag="500" ind1=" " ind2=" ">
    <subfield code="a">Ruiz Moral, R. (2010). Educaci&#xF3;n M&#xE9;dica. Manual pr&#xE1;ctico para cl&#xED;nicos. (1a ed.). Buenos Aires : Editorial M&#xE9;dica Panamericana.</subfield>
  </datafield>
  <datafield tag="653" ind1=" " ind2=" ">
    <subfield code="a">Qu&#xE9; deber&#xED;a saber sobre la ense&#xF1;anza y el aprendizaje? Fundamentos de la gu&#xED;a docente CICAA</subfield>
  </datafield>
  <datafield tag="653" ind1=" " ind2=" ">
    <subfield code="a">C&#xF3;mo me deber&#xED;a comportar como docente? Estragias para conectar</subfield>
  </datafield>
  <datafield tag="653" ind1=" " ind2=" ">
    <subfield code="a">Qu&#xE9; deberia ense&#xF1;ar? Identificar y comprender las necesidades de aprendizaje y acordarlas</subfield>
  </datafield>
  <datafield tag="653" ind1=" " ind2=" ">
    <subfield code="a">C&#xF3;mo puedo ense&#xF1;ar? (ayudar) (I): Estrategias y m&#xE9;todos para la ense&#xF1;anza</subfield>
  </datafield>
  <datafield tag="653" ind1=" " ind2=" ">
    <subfield code="a">C&#xF3;mo puedo ense&#xF1;ar? (ayudar) (II): Escenarios para la ense&#xF1;anza</subfield>
  </datafield>
  <datafield tag="653" ind1=" " ind2=" ">
    <subfield code="a">C&#xF3;mo puedo comprobar si lo que ense&#xF1;o es efectivo?: Evaluaci&#xF3;n</subfield>
  </datafield>
  <datafield tag="653" ind1=" " ind2=" ">
    <subfield code="a">Ap&#xE9;ndices: 1- Consejos t&#xE9;cnicos para conseguir una buena videograbaci&#xF3;n. 2- El "aprendiz dificil": estrategias diagn&#xF3;sticas y de manejo. 3- Actitudes y aptitudes a desarrollar por un docente (tutor) cl&#xED;nico</subfield>
  </datafield>
  <datafield tag="942" ind1=" " ind2=" ">
    <subfield code="2">ddc</subfield>
    <subfield code="c">BK</subfield>
  </datafield>
  <datafield tag="999" ind1=" " ind2=" ">
    <subfield code="c">2222</subfield>
    <subfield code="d">2222</subfield>
  </datafield>
  <datafield tag="952" ind1=" " ind2=" ">
    <subfield code="0">0</subfield>
    <subfield code="1">0</subfield>
    <subfield code="2">ddc</subfield>
    <subfield code="4">0</subfield>
    <subfield code="7">0</subfield>
    <subfield code="8">REF</subfield>
    <subfield code="a">BFM</subfield>
    <subfield code="b">BFM</subfield>
    <subfield code="c">REF</subfield>
    <subfield code="d">2015-10-05</subfield>
    <subfield code="e">Compra Promed 3er a&#xF1;o, Octubre 2015</subfield>
    <subfield code="g">445.00</subfield>
    <subfield code="l">0</subfield>
    <subfield code="o">610.7 76 RUI</subfield>
    <subfield code="p">3563</subfield>
    <subfield code="r">2015-10-05</subfield>
    <subfield code="t">Ej.1</subfield>
    <subfield code="w">2015-10-05</subfield>
    <subfield code="y">REF</subfield>
    <subfield code="z">LIBRO DE CONSULTA. Compra Promed 3er a&#xF1;o, Octubre 2015</subfield>
  </datafield>
  <datafield tag="952" ind1=" " ind2=" ">
    <subfield code="0">0</subfield>
    <subfield code="1">0</subfield>
    <subfield code="2">ddc</subfield>
    <subfield code="4">0</subfield>
    <subfield code="7">0</subfield>
    <subfield code="a">BFM</subfield>
    <subfield code="b">BFM</subfield>
    <subfield code="c">CR</subfield>
    <subfield code="d">2015-10-05</subfield>
    <subfield code="e">Compra Promed 3er a&#xF1;o, Octubre 2015</subfield>
    <subfield code="g">445.00</subfield>
    <subfield code="l">4</subfield>
    <subfield code="o">610.7 76 RUI</subfield>
    <subfield code="p">3564</subfield>
    <subfield code="r">2019-08-20</subfield>
    <subfield code="s">2019-08-15</subfield>
    <subfield code="t">Ej.2</subfield>
    <subfield code="w">2015-10-05</subfield>
    <subfield code="y">BK</subfield>
    <subfield code="z">Compra Promed 3er a&#xF1;o, Octubre 2015</subfield>
  </datafield>
</record>
